[Event "Elenite op"]
[Site "Elenite"]
[Date "1993.??.??"]
[Round "8"]
[White "Nikolov, Stefan"]
[Black "Todorov, Todor"]
[Result "0-1"]
[WhiteElo "2210"]
[BlackElo "2230"]
[PlyCount "160"]
[EventDate "1993.??.??"]
[EventType "swiss"]
[EventRounds "9"]
[EventCountry "BUL"]
[SourceTitle "EXT 1998"]
[Source "ChessBase"]
[SourceDate "1997.11.17"]
[SourceVersion "1"]
[SourceVersionDate "1997.11.17"]
[SourceQuality "1"]

1. d4 Nf6 2. Nf3 g6 3. Bg5 Bg7 4. Nbd2 c5 5. c3 cxd4 6. cxd4 d5 7. e3 Qb6 8. Qb3 Nc6 9. Qxb6 axb6 10. Bb5 Bd7 11. 0-0 0-0 12. Rfc1 Rfc8 13. a3 e6 14. Kf1 Ne8 15. Bf4 Bf8 16. Ke1 Nd6 17. Be2 Na5 18. Ne5 Ba4 19. b4 f6 20. Ng4 Nb3 21. Nxb3 Bxb3 22. Nxf6+ Kf7 23. Nxh7 Be7 24. Ng5+ Bxg5 25. Bxd6 Rxa3 26. Bg4 Rxc1+ 27. Rxc1 Bc4 28. Kd2 Rd3+ 29. Kc2 Ra3 30. Rb1 Ra2+ 31. Rb2 Ra1 32. Bd1 Ke8 33. g3 Kd7 34. Bf8 Bf6 35. Kd2 g5 36. b5 Ra8 37. Bb4 Bxb5 38. Bc3 Kc6 39. Bg4 Rh8 40. h3 Bf1 41. Bxe6 Bxh3 42. Bxh3 Rxh3 43. e4 Bd8 44. Kd3 Rh1 45. exd5+ Kxd5 46. Rb5+ Kc6 47. Rf5 b5 48. Rc5+ Kb6 49. Rc8 Be7 50. Re8 Ba3 51. Re6+ Ka7 52. Ba5 Kb8 53. Bb6 Kc8 54. Re5 Rd1+ 55. Ke2 Rb1 56. Rxg5 Kd7 57. Bc5 Bc1 58. Rg6 Rb2+ 59. Kf3 Bd2 60. d5 Ba5 61. Rg7+ Kc8 62. d6 Rd2 63. Ke4 b4 64. Bd4 Bd8 65. Ke3 Rxd4 66. Kxd4 Bf6+ 67. Kc4 Bxg7 68. Kxb4 Bd4 69. f4 Kd7 70. Kc4 Bf2 71. Kb5 Kxd6 72. f5 Kc7 73. g4 Bh4 74. Kc5 Bf6 75. Kd5 Kd7 76. Kc5 Be7+ 77. Kd5 Bf6 78. Kc5 Bg5 79. Kd5 Bh4 80. Kc5 Bf6 0-1

[Event "Bankia op"]
[Site "Bankia"]
[Date "1992.??.??"]
[Round "4"]
[White "Berovski, Krum"]
[Black "Nikolov, Stefan"]
[Result "1/2-1/2"]
[WhiteElo "2250"]
[BlackElo "2210"]
[PlyCount "76"]
[EventDate "1992.??.??"]
[EventType "swiss"]
[EventRounds "9"]
[EventCountry "BUL"]
[SourceTitle "EXT 1998"]
[Source "ChessBase"]
[SourceDate "1997.11.17"]
[SourceVersion "1"]
[SourceVersionDate "1997.11.17"]
[SourceQuality "1"]

1. d4 e6 2. c4 Bb4+ 3. Nc3 c5 4. e3 Bxc3+ 5. bxc3 f5 6. d5 Nf6 7. Bd3 0-0 8. Ne2 Na6 9. 0-0 Nc7 10. f3 Nce8 11. e4 fxe4 12. fxe4 e5 13. Ng3 g6 14. Bg5 d6 15. Qd2 b6 16. Rf2 Rb8 17. Raf1 Rb7 18. Bxf6 Nxf6 19. Qg5 Rbf7 20. h4 Qe7 21. Nh5 Nd7 22. Qxe7 Rxe7 23. Rxf8+ Nxf8 24. Nf6+ Kg7 25. g4 h6 26. g5 hxg5 27. hxg5 Bd7 28. Be2 Rf7 29. Rf2 Nh7 30. Nxh7 Rxf2 31. Kxf2 Kxh7 32. Ke3 Kg7 33. Kd2 Kf7 34. Kc2 Ke7 35. Kd2 Kd8 36. Kc2 Kc7 37. Kb3 Kb7 38. Ka3 Ka6 1/2-1/2

[Event "Primorsko op"]
[Site "Primorsko"]
[Date "1987.??.??"]
[Round "10"]
[White "Nikolov, Stefan"]
[Black "Deev, Andrei"]
[Result "0-1"]
[WhiteElo "2225"]
[BlackElo "2325"]
[PlyCount "56"]
[EventDate "1987.??.??"]
[EventType "swiss"]
[EventRounds "11"]
[EventCountry "BUL"]
[SourceTitle "EXT 1997"]
[Source "ChessBase"]
[SourceDate "1996.11.15"]
[SourceVersion "1"]
[SourceVersionDate "1996.11.15"]
[SourceQuality "1"]

1. e4 d5 2. exd5 Qxd5 3. Nc3 Qa5 4. d4 Nf6 5. Nf3 Nc6 6. Bd2 Bg4 7. Bb5 0-0-0 8. Bxc6 bxc6 9. h3 Qh5 10. Qe2 Bxf3 11. gxf3 e6 12. 0-0-0 Kb7 13. Be3 Qa5 14. Qc4 Nd5 15. Ne4 Qb5 16. Qb3 Nb6 17. Nc3 Qf5 18. d5 exd5 19. a4 a5 20. Ne2 c5 21. Rhg1 f6 22. c4 d4 23. Bd2 Qe6 24. Bxa5 Qxc4+ 25. Qxc4 Nxc4 26. Be1 g6 27. Nf4 Bh6 28. Rg4 f5 0-1

[Event "Stara Zagora"]
[Site "Stara Zagora"]
[Date "1986.06.29"]
[Round "15"]
[White "Nikolov, Stefan"]
[Black "Moehring, Guenther"]
[Result "1/2-1/2"]
[WhiteElo "2290"]
[BlackElo "2375"]
[PlyCount "96"]
[EventDate "1986.06.15"]
[EventType "tourn"]
[EventRounds "15"]
[EventCountry "BUL"]
[SourceTitle "EXT 2019"]
[Source "ChessBase"]
[SourceDate "2018.10.10"]
[SourceVersion "1"]
[SourceVersionDate "2018.10.10"]
[SourceQuality "1"]

1. e4 c6 2. d4 d5 3. Nd2 dxe4 4. Nxe4 Nf6 5. Nxf6+ exf6 6. c3 Bd6 7. Bd3 0-0 8. Ne2 Re8 9. Qc2 Kh8 10. 0-0 g6 11. Bd2 Nd7 12. Ng3 f5 13. Rfe1 Nf6 14. Bg5 Be6 15. Qd2 Be7 16. b3 b5 17. Bf1 Nd5 18. Bxe7 Qxe7 19. c4 bxc4 20. bxc4 Nb6 21. Qc3 Qf6 22. Rac1 Rad8 23. Red1 Rd7 24. Qf3 Rxd4 25. Qc3 c5 26. Ne2 Na4 27. Qa1 Red8 28. Nxd4 cxd4 29. c5 Nc3 30. Rxc3 dxc3 31. Rxd8+ Qxd8 32. Qxc3+ Kg8 33. a3 Qc7 34. Qd4 Kf8 35. Be2 h5 36. f4 Ke7 37. Bf3 Bd7 38. Qe3+ Kd8 39. Qe5 Qxe5 40. fxe5 h4 41. Kf2 Kc7 42. g3 hxg3+ 43. hxg3 g5 44. Ke3 Bc8 45. Bd5 Be6 46. Bg2 Kd7 47. Bf3 Kc7 48. Bg2 Kd7 1/2-1/2